Euskal Herriko Agintaritzaren Aldizkaria Boletn̕ oficial del Pas̕ Vasco

Bibliographic Details
Previous Title:Boletn̕ oficial del Consejo General del Pas̕ Vasco
Corporate Author: Pas̕ Vasco. Gobierno vasco
Format: Journal
Language:Multiple languages
Published: Vitoria-Gasteiz : Eusko Jaurlaritza = Gobierno Vasco, 1980-
Subjects:
Online Access:Acceso restringido

MARC

LEADER 00000cas a2200000 i 4500
005 20110715115828.0
008 890912c19809999sp zx p s000 b0mul d
035 |a 114 
040 |a BUPV  |d . spa  |d BUS  |d vLex 
041 |a baqspa 
090 |c 2229  |d 2229 
110 1 |a Pas̕ Vasco.  |b Gobierno vasco 
245 1 0 |a Euskal Herriko Agintaritzaren Aldizkaria   |b Boletn̕ oficial del Pas̕ Vasco   |h [Recurso electrn̤ico] = 
246 3 0 |a B.O. del Pas̕ Vasco. 
246 3 0 |a Euskal Herriko A. ren. 
246 3 0 |a Boletn̕ oficial del Pas̕ Vasco  
246 3 0 |a BOPV 
256 |a Servicio en ln̕ea. 
260 |a Vitoria-Gasteiz :  |b Eusko Jaurlaritza = Gobierno Vasco,  |c 1980- 
300 |a v. ;  |c 30 cm. 
310 |a Irregular. 
362 0 |a 1980- 
500 |a Conocido como: BOPV 
538 |a Modalidad de acceso: World Wide Web 
546 |a Texto en castellano y euskera 
610 1 4 |a Pas̕ vasco  |b Gobierno Vasco  |x Revistas 
650 0 4 |a Derecho  |z Espaą  |z Pas̕ Vasco  |x Legislacin̤  |v Publicaciones perid̤icas. 
740 0 |a vLex Revistas (Servicio en ln̕ea) 
780 0 0 |t Boletn̕ oficial del Consejo General del Pas̕ Vasco  
856 4 0 |u http://vlex.com/source/bopv-114/section/1  |z Acceso restringido 
942 |c REV